Макиавелли как политический мыслитель (Запись № 10216496)
[ простой вид ]
| 000 -МАРКЕР | |
|---|---|
| контрольное поле | 01829nam0a2200361 i 4500 |
| 001 - ИДЕНТИФИКАТОР ЗАПИСИ | |
| контрольное поле | RU\NLR\BIBL_A\010814230 |
| 005 - ИДЕНТИФИКАТОР ВЕРСИИ | |
| контрольное поле | 20260406155408.0 |
| 010 ## - МЕЖДУНАРОДНЫЙ СТАНДАРТНЫЙ НОМЕР КНИГИ (ISBN) | |
| Номер (ISBN) | 9785971023470 |
| 021 ## - НОМЕР ГОСУДАРСТВЕННОЙ РЕГИСТРАЦИИ | |
| Код страны | российская федерация |
| Номер | 2015-47470 |
| Номер Листа государственной регистраци | 2825 |
| 035 ## - ДРУГИЕ СИСТЕМНЫЕ НОМЕРА | |
| Идентификатор записи | (NILC)RuMoRGB-007964061 |
| 035 ## - ДРУГИЕ СИСТЕМНЫЕ НОМЕРА | |
| Идентификатор записи | (NLR Aleph) 010814230 |
| 100 ## - ДАННЫЕ ОБЩЕЙ ОБРАБОТКИ | |
| Данные общей обработки | 20150807d2015 k y0rusy50 ca |
| 101 0# - ЯЗЫК РЕСУРСА | |
| Язык текста, звукозаписи и т.д. | русский |
| 102 ## - СТРАНА ПУБЛИКАЦИИ ИЛИ ПРОИЗВОДСТВА | |
| Страна публикации | российская федерация |
| 105 ## - ПОЛЕ КОДИРОВАННЫХ ДАННЫХ: ТЕКСТОВЫЕ МАТЕРИАЛЫ, МОНОГРАФИЧЕСКИЕ | |
| Кодированные данные о монографическом текстовом документе | y|||z|||000yb |
| 200 1# - ЗАГЛАВИЕ И СВЕДЕНИЯ ОБ ОТВЕТСТВЕННОСТИ | |
| Основное заглавие | Макиавелли как политический мыслитель |
| Сведения, относящиеся к заглавию | систематическое изложение политического учения Макиавелли |
| -- | как и при каких условиях сложились философские и политические воззрения Макиавелли |
| Первые сведения об ответственности | А. С. Алексеев |
| 205 ## - СВЕДЕНИЯ ОБ ИЗДАНИИ | |
| Сведения об издании | Изд. 2-е |
| 210 ## - ПУБЛИКАЦИЯ, РАСПРОСТРАНЕНИЕ И ДР. | |
| Место издания, распространения и т.д. | Москва |
| Имя издателя, распространителя и т. д. | URSS |
| -- | ЛЕНАНД |
| Дата издания, распространения и т.д. | 2015 |
| 215 ## - ФИЗИЧЕСКАЯ ХАРАКТЕРИСТИКА | |
| Специфическое обозначение материала и объем | IX, 167, XXXIII с. |
| Размеры | 22 |
| 225 1# - СЕРИЯ | |
| Основное заглавие серии | Из наследия мировой политологии |
| 300 ## - ОБЩИЕ ПРИМЕЧАНИЯ | |
| Текст примечания | На 4--й с. обл. авт.: А.С. Алексеев - проф. гос. права |
| 320 ## - ПРИМЕЧАНИЯ О НАЛИЧИИ В ДОКУМЕНТЕ БИБЛИОГРАФИИ / УКАЗАТЕЛЯ | |
| Текст примечания | Библиогр. в примеч.: с. I-XXXI и в подстроч. примеч. |
| 320 ## - ПРИМЕЧАНИЯ О НАЛИЧИИ В ДОКУМЕНТЕ БИБЛИОГРАФИИ / УКАЗАТЕЛЯ | |
| Текст примечания | Др. тр. авт. на 4-й с. обл. |
| 600 #1 - ИМЯ ЛИЦА КАК ПРЕДМЕТ | |
| Начальный элемент ввода | Макиавелли |
| Часть имени, кроме начального элемента ввода | Н. |
| Даты | 1469 - 1527 |
| Расширение инициалов личного имени | Никколо |
| Тематический подзаголовок | Государственно-правовые взгляды |
| Системный номер авторитетной/нормативной записи | 1513910 |
| Идентификатор авторитетной/нормативной записи | RU\NLR\AUTH\66657414 |
| 686 1# - ИНДЕКСЫ ДРУГИХ КЛАССИФИКАЦИЙ | |
| Индекс | Х1(4Ит)403 |
| 700 #1 - ИМЯ ЛИЦА - ПЕРВИЧНАЯ ОТВЕТСТВЕННОСТЬ | |
| Материалы, к которым относится поле | rus |
| Графика поля | Кириллица |
| Начальный элемент ввода | Алексеев |
| Часть имени, кроме начального элемента ввода | А. С. |
| Дополнения к именам, кроме дат | юрист |
| Даты | 1851-1916 |
| Расширение инициалов личного имени | Александр Семенович |
| Идентификатор авторитетной/нормативной записи | RU\NLR\AUTH\7760943 |
| Системный номер авторитетной/нормативной записи | 43873 |
| 702 #1 - ИМЯ ЛИЦА - ВТОРИЧНАЯ ОТВЕТСТВЕННОСТЬ | |
| Код отношения | Прочие |
| Материалы, к которым относится поле | rus |
| Графика поля | Кириллица |
| Начальный элемент ввода | Макиавелли |
| Часть имени, кроме начального элемента ввода | Н. |
| Даты | 1469-1527 |
| Расширение инициалов личного имени | Никколо |
| Идентификатор авторитетной/нормативной записи | RU\NLR\AUTH\777637 |
| Системный номер авторитетной/нормативной записи | 117570 |
| 801 #0 - ИСТОЧНИК ЗАПИСИ | |
| Страна | российская федерация |
| Организация | РГБ |
| Дата составления | 20150629 |
| Правила каталогизации | RCR |
| 942 ## - ДОПОЛНИТЕЛЬНЫЕ ЭЛЕМЕНТЫ ЗАПИСИ (АБИС) | |
| Тип экземпляра АБИС | Книга |
| 980 ## - КОЛЛЕКЦИЯ | |
| Название коллекции | НБР |
Нет доступных экземпляров.